000 00965nam a22003131i 4500
003 OSt
005 20210125004639.0
008 210124t20202020enka|||jr|||| 000 0 eng d
020 _a9780241433157
_cRM 28.95
_qpaperback
040 _aPPAK
_beng
_cPPAK
_erda
082 0 4 _223
_a567.9
090 _a567.9
_bDIX
_dK
100 1 _aDixon, Dougal ,
_eauthor.
245 1 0 _aDINOSAURS :
_bRIVETING READS FOR CURIOUS KIDS /
_cBy Dougal Dixon.
264 1 _aLondon :
_bDK Children ;
_c2020.
264 4 _c©2020.
300 _a95 pages :
_bblack and white illustrations ;
_c20 cm.
336 _atext
_2rdacontent
336 _astill image
_2rdacontent
337 _aunmediated
_2rdamedia
338 _avolume
_2rdacarrier
490 1 _aMega bites
521 _aPrimary.
650 0 _aDinosaurs
_vJuvenile fiction.
700 1 _aMoor, Becka,
_eillustrator.
700 1 _aBlyton, Enid.
_iBased on (work):
_tFamous five books.
830 0 _aMega bites
942 _2ddc
_cB
999 _c181530
_d181530